Design and analysis of vaccine studies / (رقم التسجيلة. 26548)

تفاصيل مارك
000 -الفاتح
حقل البيانات ثابتة الطول 02534cam a22005414a 4500
001 - رقم الضبط
رقم الضبط 15936302
003 - محدد رقم الضبط
رقم الضبط OSt
005 - وقت وتاريخ اخر تعامل مع التسجيلة
رقم الضبط 20150408114105.0
008 - عناصر البيانات ثابتة الطول - معلومات عامة
حقل البيانات ثابتة الطول 091008s2010 nyua b 001 0 eng c
010 ## - رقم ضبط مكتبة الكونجرس
رقم ضبط مكتبة الكونجرس 2009938829
015 ## - رقم الببليوجرافية الوطنية
رقم الببليوجرافية الوطنية GBA994351
المصدر bnb
016 7# - رقم ضبط الوكاله الوطنية للضبط الببليوجرافي
رقم ضبط التسجيلة 101539678
المصدر DNLM
016 7# - رقم ضبط الوكاله الوطنية للضبط الببليوجرافي
رقم ضبط التسجيلة 015380441
المصدر Uk
020 ## - الرقم الدولى المعيارى للكتب
الرقم الدولى المعيارى للكتاب 9780387403137 (alk. paper)
020 ## - الرقم الدولى المعيارى للكتب
الرقم الدولى المعيارى للكتاب 0387403132 (alk. paper)
020 ## - الرقم الدولى المعيارى للكتب
الرقم الدولى المعيارى للكتاب 9780387686363 (eISBN)
020 ## - الرقم الدولى المعيارى للكتب
الرقم الدولى المعيارى للكتاب 0387686363 (eISBN)
035 ## - رقم ضبط النظام
رقم ضبط النظام (OCoLC)ocn436030925
040 ## - مصدر الفهرسة
وكالة الفهرسة الأصلية NLM
وكالة النسخ NLM
وكالة التعديل UKM
-- BTCTA
-- OHX
-- CDX
-- YDXCP
-- MMU
-- DLC
042 ## - رمز التحقق
رمز التحقق pcc
050 00 - رقم طلب مكتبة الكونجرس
رقم التصنيف QR189
رقم المادة .H35 2010
060 00 - رقم الطلب بالمكتبة الطبية الوطنية
رقم التصنيف 2010 K-719
060 10 - رقم الطلب بالمكتبة الطبية الوطنية
رقم التصنيف QW 805
082 00 - رقم تصنيف ديوى العشرى
رقم التصنيف 615/.372072
رقم الطبعة 23
100 1# - المدخل الرئيسى - إسم شخصى
الإسم الشخصى Halloran, M. Elizabeth.
9 (RLIN) 18703
245 10 - بيان العنوان
العنوان Design and analysis of vaccine studies /
بيان المسئوليه,etc M. Elizabeth Halloran, Ira M. Longini, Jr., Claudio J. Struchiner.
260 ## - PUBLICATION, DISTRIBUTION, ETC. (IMPRINT)
مكان الناشر او الموزع New York :
اسم الناشر او الموزع Springer,
تاريخ النشر أو التوزيع c2010.
300 ## - الوصف المادى
التعداد xviii, 387 p. :
تفاصيل ماديه اخرى للوعاء ill. ;
أبعاد الوعاء 24 cm.
490 1# - بيان السلسلة
عنوان السلسلة Statistics for biology and health,
الرقم الدولى المعيارى للدوريات 1431-8776
504 ## - تبصرة ببليوجرافية
تبصرة ببليوجرافية,الخ Includes bibliographical references (p. 361-379) and index.
505 0# - تبصرة محتويات-الفهرس
تبصرة المحتويات المصاغة Overview of vaccine effects and study designs -- Immunology and early phase trials -- Binomial and stochastic transmission models -- R[o] and deterministic models -- Evaluating protective effects of vaccination -- Models of action and time-varying VE[s] -- Further evaluation of protective effects -- Vaccine effects on post-infection outcomes -- Household-based studies -- Analysis of households in communities -- Analysis of independent households -- Assessing indirect, total, and overall effects -- Randomization and baseline transmission -- Surrogates of protection.
650 #0 - المدخل الاضافى بالموضوع-مصطلح موضوعى
مصطلح موضوعي أو اسم جغرافي كعنصر مدخل Vaccines
التقسيم الفرعي العام Research.
9 (RLIN) 18704
650 #0 - المدخل الاضافى بالموضوع-مصطلح موضوعى
مصطلح موضوعي أو اسم جغرافي كعنصر مدخل Vaccines
التقسيم الفرعي العام Statistical methods.
9 (RLIN) 18705
650 #0 - المدخل الاضافى بالموضوع-مصطلح موضوعى
مصطلح موضوعي أو اسم جغرافي كعنصر مدخل Epidemiology
التقسيم الفرعي العام Research.
9 (RLIN) 18706
650 #0 - المدخل الاضافى بالموضوع-مصطلح موضوعى
مصطلح موضوعي أو اسم جغرافي كعنصر مدخل Case-control method.
9 (RLIN) 18707
650 12 - المدخل الاضافى بالموضوع-مصطلح موضوعى
مصطلح موضوعي أو اسم جغرافي كعنصر مدخل Research Design.
9 (RLIN) 11610
650 12 - المدخل الاضافى بالموضوع-مصطلح موضوعى
مصطلح موضوعي أو اسم جغرافي كعنصر مدخل Vaccines.
650 22 - المدخل الاضافى بالموضوع-مصطلح موضوعى
مصطلح موضوعي أو اسم جغرافي كعنصر مدخل Clinical Trials as Topic.
650 22 - المدخل الاضافى بالموضوع-مصطلح موضوعى
مصطلح موضوعي أو اسم جغرافي كعنصر مدخل Drug Evaluation
التقسيم الفرعي العام methods.
9 (RLIN) 18565
650 22 - المدخل الاضافى بالموضوع-مصطلح موضوعى
مصطلح موضوعي أو اسم جغرافي كعنصر مدخل Research
التقسيم الفرعي العام methods.
650 22 - المدخل الاضافى بالموضوع-مصطلح موضوعى
مصطلح موضوعي أو اسم جغرافي كعنصر مدخل Statistics as Topic.
9 (RLIN) 11606
700 1# - المدخل الاضافى - اسم شخصى
الإسم الشخصى Longini, Ira M.
9 (RLIN) 18708
700 1# - المدخل الاضافى - اسم شخصى
الإسم الشخصى Struchiner, Claudio J.
9 (RLIN) 18709
830 #0 - المدخل الاضافى بالسلسلة -عنوان موحد
عنوان موحد Statistics for biology and health,
9 (RLIN) 18710
906 ## - عنصر بيانات محلى F, LDF (RLIN)
a 7
b cbc
c pccadap
d 2
e ncip
f 20
g y-gencatlg
942 ## - عناصر المدخل الإضافي( كوها)
مصدر التصنيف او مخطط الترفيف Dewey Decimal Classification
Koha [default] item type DVD
المقتنيات
حالة الفقد نموذج السعر الفعال حالة تلف ليس للاعارة رقم الطلب تاريخ الاكتساب الموقع الحالي الباركود الفرع الرئيسي Date last seen نوع المادة فى نظام كوها مصدر التصنيف او خطة الترفيف Total Checkouts
  2013-03-10     615/.372072 HMD 2012-12-26 المكتبة المركزية بالمجمعة (CL) 00400830 المكتبة المركزية بالمجمعة (CL) 2013-03-10 كتاب Dewey Decimal Classification  
  2013-03-10     615/.372072 HMD 2012-12-26 المكتبة المركزية بالمجمعة (CL) 00400832 المكتبة المركزية بالمجمعة (CL) 2013-03-10 كتاب Dewey Decimal Classification  
  2013-03-10     615/.372072 HMD 2012-12-26 المكتبة المركزية بالمجمعة (CL) 00400831 المكتبة المركزية بالمجمعة (CL) 2013-03-10 كتاب Dewey Decimal Classification